000 00955nam a2200205Ia 4500
999 _c50864
_d50864
001 17819
003 GE_BSU
005 20200224165544.0
008 181216s1977en xx |||||||||||||| ||eng||
040 _cGE_BSU
080 _a353.03(73) P-97
245 _aPublic papers of the presidents of the United States Jimmy Carter 1977. book I
_b1977 (in two books) Book I-january 20 to june 24, 1977
264 _aWashington :
_bUnited States government printing office,
_c1977.
300 _a1164 p. :
_c26 cm.
653 _a1977 (in two books) Book I-january 20 to june 24, 1977
653 _aPublic papers of the presidents of the United States Jimmy Carter 1980-81.
653 _aშეერთებული შტატების პრეზიდენტების ჯიმი კარტერი
653 _aსახელმწიფო ადმინისტრაციული მმართველობა
942 _cBK
_2udc